[Event "SWE-chT 0708"]
[Site "Sweden"]
[Date "2008.03.08"]
[Round "10"]
[White "Haggstrom, Olle"]
[Black "Karlsson, Tomas"]
[Result "1/2-1/2"]
[WhiteElo "2239"]
[BlackElo "2293"]
[PlyCount "89"]
[EventDate "2007.10.19"]
[EventType "team-tourn"]
[EventRounds "11"]
[EventCountry "SWE"]
[SourceTitle "EXT 2009"]
[Source "ChessBase"]
[SourceDate "2008.11.26"]
[SourceVersion "1"]
[SourceVersionDate "2008.11.26"]
[SourceQuality "1"]
[WhiteTeam "Kamraterna"]
[BlackTeam "Solna"]
[WhiteTeamCountry "SWE"]
[BlackTeamCountry "SWE"]

1. e4 e6 2. d4 d5 3. Nc3 Bb4 4. exd5 exd5 5. Qf3 Nc6 6. Bb5 Nf6 7. Nge2 Bg4 8. Qe3+ Qe7 9. f3 Bf5 10. Ba4 0-0-0 11. Qxe7 Bxe7 12. Bf4 h6 13. 0-0-0 a6 14. Bxc6 bxc6 15. Na4 Nd7 16. Rhe1 Rhe8 17. Ng3 Be6 18. Nh5 Rg8 19. Be3 Bd6 20. Nf4 g5 21. Nxe6 fxe6 22. Bg1 e5 23. dxe5 Bxe5 24. Rd3 Rde8 25. Kd1 Bd6 26. Rde3 Rxe3 27. Rxe3 Nc5 28. Nxc5 Bxc5 29. Re1 Bxg1 30. Rxg1 Kd7 31. Re1 Kd6 32. Re3 c5 33. Kd2 c4 34. Ra3 Ra8 35. Ra5 c6 36. b3 cxb3 37. axb3 Kc7 38. Ra4 Kb6 39. h4 Rf8 40. hxg5 hxg5 41. Rg4 Rf5 42. Ke3 Re5+ 43. Kd4 Rf5 44. Ke3 Re5+ 45. Kd4 1/2-1/2

[Event "SWE-chT 0708"]
[Site "Sweden"]
[Date "2008.01.12"]
[Round "6"]
[White "Karlsson, Tomas"]
[Black "Norberg, Erik"]
[Result "1/2-1/2"]
[WhiteElo "2287"]
[BlackElo "2259"]
[PlyCount "124"]
[EventDate "2007.10.19"]
[EventType "team-tourn"]
[EventRounds "11"]
[EventCountry "SWE"]
[SourceTitle "EXT 2009"]
[Source "ChessBase"]
[SourceDate "2008.11.26"]
[SourceVersion "1"]
[SourceVersionDate "2008.11.26"]
[SourceQuality "1"]
[WhiteTeam "Solna"]
[BlackTeam "Vasteras"]
[WhiteTeamCountry "SWE"]
[BlackTeamCountry "SWE"]

1. e4 g6 2. d4 Bg7 3. Nc3 c6 4. Nf3 d5 5. Be2 dxe4 6. Nxe4 Nd7 7. 0-0 Ngf6 8. Ng3 0-0 9. Bg5 Qc7 10. Qc1 Re8 11. Bf4 Qd8 12. Rd1 b6 13. c4 Bb7 14. Qc2 e6 15. Ne5 Qe7 16. Nxd7 Nxd7 17. Ne4 e5 18. dxe5 Nxe5 19. Nd6 Red8 20. Nxb7 Qxb7 21. Rxd8+ Rxd8 22. Rd1 Re8 23. h3 Qe7 24. b3 c5 25. Qe4 Nc6 26. Qxe7 Rxe7 27. Kf1 Be5 28. Bg5 f6 29. Be3 Nb4 30. a4 Kg7 31. Rd8 h6 32. Bd2 Nc6 33. Rd3 Bd4 34. f4 f5 35. Bf3 Nb8 36. a5 Nd7 37. a6 Nf6 38. g3 Ne4 39. Be1 Kf6 40. Bxe4 fxe4 41. Rd1 Kf5 42. Ke2 g5 43. fxg5 hxg5 44. Bd2 e3 45. Rf1+ Ke4 46. Bc1 Rh7 47. h4 gxh4 48. Rf4+ Ke5 49. Rxh4 Rg7 50. Kf3 Kd6 51. Rh2 Rf7+ 52. Ke2 Rg7 53. Rh6+ Ke5 54. Rh5+ Ke4 55. Rh4+ Ke5 56. Kf3 Kd6 57. Bxe3 Bxe3 58. Kxe3 Rxg3+ 59. Ke4 Rxb3 60. Rh6+ Kc7 61. Rh7+ Kc6 62. Rh6+ Kc7 1/2-1/2

[Event "Rilton Cup 37th"]
[Site "Stockholm"]
[Date "2008.01.05"]
[Round "9"]
[White "Karlsson, Tomas"]
[Black "Dede, Erno"]
[Result "1/2-1/2"]
[WhiteElo "2249"]
[BlackElo "2275"]
[PlyCount "24"]
[EventDate "2007.12.27"]
[EventType "swiss"]
[EventRounds "9"]
[EventCountry "SWE"]
[SourceTitle "CBM 122 Extra"]
[Source "ChessBase"]
[SourceDate "2008.03.04"]
[SourceVersion "1"]
[SourceVersionDate "2008.03.04"]
[SourceQuality "1"]

1. e4 Nf6 2. Nc3 d5 3. exd5 Nxd5 4. Bc4 c6 5. Qf3 Nf6 6. Nge2 Bg4 7. Qg3 e6 8. d3 Bd6 9. Bf4 Bxf4 10. Qxf4 Bxe2 11. Nxe2 0-0 12. 0-0 Nbd7 1/2-1/2

[Event "SWE-chT 0708"]
[Site "Sweden"]
[Date "2007.11.18"]
[Round "5"]
[White "Karlsson, Tomas"]
[Black "Bator, Robert"]
[Result "1/2-1/2"]
[WhiteElo "2287"]
[BlackElo "2405"]
[PlyCount "91"]
[EventDate "2007.10.19"]
[EventType "team-tourn"]
[EventRounds "11"]
[EventCountry "SWE"]
[SourceTitle "EXT 2009"]
[Source "ChessBase"]
[SourceDate "2008.11.26"]
[SourceVersion "1"]
[SourceVersionDate "2008.11.26"]
[SourceQuality "1"]
[WhiteTeam "Solna"]
[BlackTeam "Stockholm Rockaden"]
[WhiteTeamCountry "SWE"]
[BlackTeamCountry "SWE"]

1. e4 c5 2. Nc3 Nc6 3. f4 g6 4. Nf3 Bg7 5. Bc4 e6 6. f5 Ne5 7. Nxe5 Bxe5 8. Qf3 gxf5 9. 0-0 Qh4 10. g3 Qg4 11. Qxg4 fxg4 12. d3 a6 13. Be3 d6 14. Rf2 b5 15. Bb3 Ra7 16. Raf1 Rc7 17. Nd1 h5 18. c3 Rh7 19. d4 cxd4 20. cxd4 Bg7 21. a3 Bh6 22. Bxh6 Nxh6 23. Ne3 Bb7 24. Rc2 Kd7 25. Rxc7+ Kxc7 26. d5 e5 27. Bc2 Bc8 28. Bd3 Bd7 29. b4 Rh8 30. Rf6 Be8 31. Rf1 Bd7 32. Rf6 Rh7 33. Rf1 Kd8 34. a4 Rh8 35. axb5 axb5 36. Ra1 Ke7 37. Ra7 Rb8 38. Kf2 Kd8 39. Ke2 Ng8 40. Ra6 Kc7 41. Ra7+ Rb7 42. Ra8 Rb8 43. Ra7+ Rb7 44. Ra1 Ne7 45. Rf1 Be8 46. Rc1+ 1/2-1/2